Na Slovakiatour z regiónov najlepší Malokarpatský

Podrobná bibliografia
Hlavný autor: (žo) (Autor)
Médium: Článok
Jazyk:slovenčina
Fyzický popis:Fotogr., obr.
Predmet:

MARC

LEADER 00000nab a2200000 a 4500
001 vtls000747782
003 SK-MaSNL
005 20260426100225.0
008 180206c2001 xo 0 slo
015 |a SNBRB2001/02-03034 
035 |a CLN000099611 
040 |a SNKBUCL  |b slo  |c SNKBUCL  |e AACR2 
041 0 |a slo 
044 |a xo  |c SK 
080 |a 338.48:061.4  |2 UDC-MRF-SK2 
100 0 |a (žo)  |4 aut  |9 848726 
245 1 0 |a Na Slovakiatour z regiónov najlepší Malokarpatský  |c [autor] (žo) 
300 |b Fotogr., obr. 
611 1 7 |a Slovakiatour  |n 7.  |d 2001  |c Bratislava, Slovensko  |2 snkbucl  |9 861619 
650 0 7 |a ruch cestovný  |x veľtrhy  |2 snkbucl  |9 848626 
651 7 |a Bratislava (Slovensko)  |2 snkbucl  |9 14568 
655 7 |a články z novín a časopisov  |2 snkbucl  |9 267496 
773 0 |t Obecné noviny  |g Roč. 11, č. 7 (2001), s. 16 
850 |a Slovenská národná knižnica v Martine 
852 |a SNK  |b KIS3GCP 
958 |a RBX 
999 |c 3190010  |d 3191940